000 00329nam a2200133Ia 4500
008 240624s9999 xx 000 0 und d
041 _aeng
082 _a823 DES
100 _aDESAI MEGHNAD
245 _aDEAD ON TIME
260 _c2009
_aNew Delhi
_bHarper Collins Publishers
300 _a238 : p. : cm. ; 21
365 _cRS
_b20
999 _c13931
_d13931